Prvý rok činnosti Národnej banky Slovenska

Zákon o Národnej banke Slovenska prijala SNR 18.11.1992. Od 1.1.1993 banka začala plniť svoje úlohy. Dohoda o menovej spolupráci medzi ČR a SR. Menová odluka. Kolkovanie bankoviek. Zníženie kurzu slovenskej koruny vyvolalo 10 perc. devalváciu. Vytvorenie predpokladov na vstup SR na zahraničné kapitá...

Descrizione completa

Salvato in:
Dettagli Bibliografici
Autore principale: Tkáč, M.
Natura: Capitolo di libro
Lingua:slovacco
Soggetti:
Tags: Aggiungi Tag
Nessun Tag, puoi essere il primo ad aggiungerne!!

MARC

LEADER 00000naa a2200000 4500
001 r014834
005 20221213113113.3
041 0 |a slo 
044 |a SK 
245 1 0 |a Prvý rok činnosti Národnej banky Slovenska  |c M. Tkáč 
520 |a Zákon o Národnej banke Slovenska prijala SNR 18.11.1992. Od 1.1.1993 banka začala plniť svoje úlohy. Dohoda o menovej spolupráci medzi ČR a SR. Menová odluka. Kolkovanie bankoviek. Zníženie kurzu slovenskej koruny vyvolalo 10 perc. devalváciu. Vytvorenie predpokladov na vstup SR na zahraničné kapitálové trhy. Ukončenie emisie nových slovenských bankoviek. 
610 2 0 |a banky emisné 
610 2 0 |a NBS Bratislava 
610 2 0 |a Slovensko 
610 2 0 |a bankovky 
610 2 0 |a emisia 
610 2 0 |a 1993 
610 2 0 |a devalvácia 
100 1 |a Tkáč, M.